Normativa italiana sul prelievo e sul trapianto di organi e tessuti

Uloženo v:
Podrobná bibliografie
Korporativní autor: A.I.D.O. Associazione italiana per la donazione di organi e tessuti
Další autoři: Ravera, Enrico (prefazione di)
Médium: Kniha
Jazyk:angličtina
Vydáno: Pisa Pacini 2000
Tagy: Přidat tag
Žádné tagy, Buďte první, kdo vytvoří štítek k tomuto záznamu!

MARC

LEADER 00000nam a2200000 4500
005 20231115083250.0
008 231115b |||||||| |||| 00| 0 eng d
020 |a 8877813075 
040 |c C 
110 |a A.I.D.O. Associazione italiana per la donazione di organi e tessuti 
245 |a Normativa italiana sul prelievo e sul trapianto di organi e tessuti 
260 |a Pisa  |b Pacini  |c 2000 
700 |a Ravera, Enrico  |c (prefazione di) 
942 |2 ddc  |c BK  |n 0 
952 |0 0  |1 0  |2 ddc  |4 0  |6 344_450419400000000_RAV_NOR  |7 1  |9 237  |a GE  |b GE  |d 2015-12-14  |l 0  |o 344.4504194 RAV NOR  |p 2991  |r 2023-11-15 07:57:04  |w 2023-11-15  |y BK 
999 |c 190  |d 190